000 00593njm a2200193 i 4500
001 C2-0112667
003 PPAK
005 20180729152018.0
008 970701s1993 my |||| ||||| | may d
040 _aPPAK
_beng
_cPPAK
_erda
245 0 0 _aRiwayat hidup Dr. Mahathir Mohamad
264 1 _aAlor Setar, Kedah :
_bPerbadanan Perpustakaan Awam Kedah ,
_c1993
336 _2rdacontent
_atext
337 _2rdamedia
_aunmediated
338 _2rdacarrier
_avolume
500 _aDirakam pada 20/12/93 ; Mempunyai transkripsi
650 1 0 _aPrime Ministers - Malaysia - Biography
942 _ddc
_cB
999 _c162916
_d162916